Technológia pre 4. ročník priemyselných škôl strojníckych

Bibliographic Details
Main Authors: Kubeš, Josef (Author), Vašíček, Emil (autor učebníc) (Author)
Other Authors: Kravarik, Juraj (Translator)
Format: Book
Language:Slovak
Czech
PhysicalDescription:240, [1] s. ilustrácie, grafy, schémy 21 cm
Published: Bratislava Alfa 1970
Edition:3. dopl. vyd.
Series:Edícia strojárskej literatúry
Subjects:

MARC

LEADER 00000cam a2200000 a 4500
001 vtls008308561
003 SK-MaSNL
005 20260301204516.0
008 190102s1970 xo a drp 000 0 slo
015 |a SNBA1970/01-00105 
020 |q (viazané) 
035 |a SK01SNK19700000778 
035 |a SKM000003241 
040 |a SNK  |b slo  |c SNK  |e AACR2 
041 1 |a slo  |h cze 
044 |a xo  |c SK 
072 7 |a 621  |x Strojárstvo  |2 konspekt 
080 |a 621  |2 2011 
080 |a (075.3)  |2 2011 
100 1 |a Kubeš, Josef  |4 aut  |9 349150 
245 1 0 |a Technológia pre 4. ročník priemyselných škôl strojníckych  |c autori: Josef Kubeš, Emil Vašíček ; z čes. orig. ... Technologie ... preložil Juraj Kravarik 
250 |a 3. dopl. vyd. 
260 |a Bratislava  |b Alfa  |c 1970  |e Bratislava  |f Svornosť 
300 |a 240, [1] s.  |b ilustrácie, grafy, schémy  |c 21 cm 
366 |e 8000 výt. 
490 1 |a Edícia strojárskej literatúry 
650 0 7 |a strojárstvo  |2 SNKPH  |9 674 
655 7 |a učebnice stredných škôl  |2 SNKPH  |9 69323 
700 1 |a Vašíček, Emil  |c (autor učebníc)  |4 aut  |9 80034 
700 1 |a Kravarik, Juraj  |4 trl  |9 589383 
830 0 |a Edícia strojárskej literatúry  |9 266612 
852 |a Slovenská národná knižnica 
954 |a odborná, vedecká literatúra cudzojazyčná (svetová)  |2 lita 
958 |a OND 
958 |a RK 
958 |a UC 
958 |a CZ 
958 |a OP 
968 |b ČES 
999 |c 906743  |d 908673 
952 |a SNK  |b SNK  |y PREZ  |7 0  |p 17A0931123  |o snkSC 25632  |0 0  |1 0  |4 0  |d 2012-08-28  |l 0  |r 2026-02-24 07:31:54  |w 2026-02-24 
952 |a SNK  |b SNK  |y VYP  |7 0  |p 17A0557752  |o snkSC 25632 D1  |i snkKSP 1668/70  |3 rekatalogizácia  |0 0  |1 0  |4 0  |d 2007-08-03  |l 0  |r 2026-02-24 07:31:54  |w 2026-02-24